| 000 | 01390cam a22001815a 4500 | ||
|---|---|---|---|
| 001 | L155686 | ||
| 008 | 120402s1685 xxk f 000 0 eng d | ||
| 035 | _a(Sirsi) u155686 | ||
| 041 | 0 | _aeng | |
| 100 | 1 |
_aWallis, John _dfl. 1798-1815 |
|
| 245 | 0 | 2 |
_aA treatise of algebra, both historical and practical _bShewing, the original, progress, and advancement thereof, from time to time; and by what steps it hath attained to the heighth at which now it is. With some additional treatises, I. Of the cono-cuneus; being a body representing in part a conus, in part a cuneus. II. Of angular sections; and other things relating there-unto, and to trigonometry. III. Of the angle of contact; with other things appertaining to the composition of magnitudes, the inceptives of magnitudes, and the composition of motions, with the results thereof. IV. Of combinations, alternations, and aliquot parts. By John Wallis, D.D. Professor of geometry in the University of Oxford; and a member of the Royal Society, London |
| 260 |
_aLondon _bprinted by John Playford, for Richard Davis, bookseller, in the University of Oxford _cM. DC. LXXXV. [1685] |
||
| 300 |
_a[20], 33, 36-374, [4], 17, [3], 76 [i.e. 176], [2], 17, [1] p., [10] leaves of plates _bill. _c2o |
||
| 583 |
_aCondition reviewed _c20120620 _lcondition level 1 |
||
| 651 | 4 |
_aGreat Britain _y1707- |
|
| 690 |
_aMeasurement _96256 |
||
| 942 | _n0 | ||
| 999 |
_c113753 _d113753 |
||